How to operate a cassette tape ministry / (Record no. 3242)

MARC details
000 -LEADER
fixed length control field 00772cam a2200253 a 4500
001 - CONTROL NUMBER
control field 4680815
003 - CONTROL NUMBER IDENTIFIER
control field GBCCL
005 - DATE AND TIME OF LATEST TRANSACTION
control field 20241126110450.0
008 - FIXED-LENGTH DATA ELEMENTS--GENERAL INFORMATION
fixed length control field 810706s1981 tnua 001 0 eng
010 ## -
-- 81066822
020 ## - INTERNATIONAL STANDARD BOOK NUMBER
International Standard Book Number 0805434291 (pbk.)
040 ## - CATALOGING SOURCE
Original cataloging agency DLC
Transcribing agency DLC
Modifying agency DLC
050 00 -
-- BV652.83
-- .H33 1981
082 00 - DEWEY DECIMAL CLASSIFICATION NUMBER
Classification number 254.3
Edition information 19
Item number HAC
100 1# - MAIN ENTRY--PERSONAL NAME
Personal name Hack, John,
Dates associated with a name 1941-
9 (RLIN) 6676
245 10 - TITLE STATEMENT
Title How to operate a cassette tape ministry /
Statement of responsibility, etc. John Hack.
260 ## - PUBLICATION, DISTRIBUTION, ETC.
Place of publication, distribution, etc. Nashville, Tenn. :
Name of publisher, distributor, etc. Broadman Press,
Date of publication, distribution, etc. c1981.
300 ## - PHYSICAL DESCRIPTION
Extent 128 p. :
Other physical details ill. ;
Dimensions 21 cm.
500 ## - GENERAL NOTE
General note Includes index.
650 #0 - SUBJECT ADDED ENTRY--TOPICAL TERM
Topical term or geographic name entry element Audiotapes in church work
Form subdivision Handbooks, manuals, etc.
9 (RLIN) 6677
740 0# -
-- Cassette tape ministry.
906 ## - LOCAL DATA ELEMENT F, LDF (RLIN)
a 7
b cbc
c orignew
d 4
e opcn
f 19
g y-gencatlg
942 ## - ADDED ENTRY ELEMENTS (KOHA)
Source of classification or shelving scheme Dewey Decimal Classification
Koha item type Books
Holdings
Withdrawn status Lost status Source of classification or shelving scheme Damaged status Not for loan Home library Current Library Shelving location Date acquired Total checkouts Full call number Barcode Date last seen Copy number Price effective from Koha item type
    Dewey Decimal Classification     GRACE BIBLE COLLEGE GRACE BIBLE COLLEGE Ministry & Mission 2017-11-22   254.3 HAC 008250 2025-05-01 c.1 2017-11-22 Books
© Grace Bible College Library 2025